Hình ảnh người tu sĩ Phật giáo bị xúc phạm! /

Wedi'i Gadw mewn:
Manylion Llyfryddiaeth
Prif Awdur: Hà Phương.
Fformat: Erthygl
Iaith:Vietnamese
Pynciau:
Tagiau: Ychwanegu Tag
Dim Tagiau, Byddwch y cyntaf i dagio'r cofnod hwn!
Thư viện lưu trữ: Thư viện Trường Đại học Đà Lạt
LEADER 00732nam a2200265 4500
001 DLU110123979
005 ##20110823
040 # # |a DLU  |b vie 
041 # # |a vie 
044 # # |a vn 
100 # # |a Hà Phương. 
245 # # |a Hình ảnh người tu sĩ Phật giáo bị xúc phạm! /  |c Hà Phương. 
653 # # |a Hư cấu 
653 # # |a Tu sĩ 
653 # # |a Văn hóa Phật giáo 
773 # # |t Tuần báo Giác ngộ  |g Số 455, 2008, tr. 10 
920 # # |a Phòng Tạp chí -- Trung tâm Thông tin - Thư viện Trường Đại học Đà Lạt 
994 # # |a DLU 
900 # # |a True 
911 # # |a Nguyễn Thị Linh Chi 
925 # # |a G 
926 # # |a A 
927 # # |a BB 
980 # # |a Thư viện Trường Đại học Đà Lạt